000
002800000a22001090004500
090
_a
As
_b
Seriadas
245
1
0
_a
Notas sobre aves de Colombia, III
041
0
_a
Español
100
1
_a
Nicéforo María, Hermano
_9
99776
942
_c
ARTICULO
773
1
_t
Caldasia
_h
21
_q
201-210
_d
1948
_g
5
999
_c
15643
_d
15643